პოეზია : ლექსები და პოემები : (ბიბ.ჩანაწერი № 40510)
[ მარტივი ფორმატი ]
| 000 -ლიდერი | |
|---|---|
| ფიქსირებული სიგრძის საკონტროლო ველი | 01006nam a2200253Ia 4500 |
| 001 - საკონტროლო ნომერი | |
| საკონტროლო ველი | 7121 |
| 003 - საკონტროლო ნომრის იდენტიფიკატორი | |
| საკონტროლო ველი | GE_BSU |
| 005 - ბოლო ოპერაციის თარიღი და დრო | |
| საკონტროლო ველი | 20230922172237.0 |
| 008 - ფიქსირებული სიგრძის მონაცემთა ელემენტები - ზოგადი ინფორმაცია | |
| ფიქსირებული სიგრძის საკონტროლო ველი | 181216s2012||||ge |||||||||||||| ||geo|| |
| 020 ## - წიგნის საერთაშორისო სტანდარტული ნომერი | |
| International Standard Book Number | 9789941196430 |
| 040 ## - კატალოგიზაციის წყარო | |
| Transcribing agency | GE_BSU |
| 041 ## - ენის კოდი | |
| Language code of text/sound track or separate title | geo |
| 080 ## - უნივერსალური ათობითი კლასიფიკაციის ინდექსი | |
| Universal Decimal Classification number | 821.353.1-1 გ-85 |
| 100 ## - მთავარი ჩანაწერი - პიროვნების სახელი | |
| Personal name | ტაბიძე, ტიციან |
| 9 (RLIN) | 5546 |
| 245 ## - ცნობა სათაურის შესახებ | |
| Title | პოეზია : ლექსები და პოემები : |
| Remainder of title | ტ.1 / |
| Statement of responsibility, etc | იოსებ გრიშაშვილი ; სარედ. ჯგუფი : ზურაბ აბაშიძე, მანანა ჯანელიძე, ირმა ხარშილაძე. |
| 260 ## - გამოქვეყნების, გავრცელების, და სხვა. ცნობები | |
| Place of publication, distribution, etc | . |
| 264 ## - წარმოების, გამოცემის, დისტრიბუციის და სხვა ცნობები | |
| გამოცემის, წარმოების, დისტრიბუციის... ადგილი | თბილისი : |
| გამოცემის, წარმოების, დისტრიბუციის... სახელწოდება | პალიტრა L, |
| გამოცემის, წარმოების, დისტრიბუციის... თარიღი | 2012. |
| 300 ## - ფიზიკური აღწერა | |
| Extent | 320 გვ. ; |
| Dimensions | 20 სმ. |
| 490 ## - სერიის ცნობა | |
| Series statement | ჩემი რჩეული |
| Volume number/sequential designation | ტ 40 |
| International Standard Serial Number | ISSN 2233-3037 |
| 653 ## - INDEX TERM--UNCONTROLLED | |
| Uncontrolled term | პოეზია |
| 653 ## - INDEX TERM--UNCONTROLLED | |
| Uncontrolled term | ლექსები და პოემები |
| 942 ## - ADDED ENTRY ELEMENTS (KOHA) | |
| Koha item type | წიგნი |
| Source of classification or shelving scheme | |
| ჩამოწერის სტატუსი | დაკარგული ეგზემპლარის სტატუსი | კლასიფიკაციის წყარო ან თაროზე გაწყობის სქემა | დაზიანების სტატუსი | არ გაიცემა | მუდმივი მდებარეობა (დაცვის ადგილი) | ამჟამინდელი ადგილსამყოფელი | თაროზე განთავსების ადგილი | შეძენის თარიღი | ღირებულება, შესყიდვის ნორმალური ფასი | სრული შენახვის შიფრი | შტრიხკოდი | ბოლო ოპერაციის თარიღი | ეგზემპლარის მიმდევრობითი ნომერი (კეტერი?) | ფასის ძალაში შესვლის თარიღი | ეგზემპლარის სახეობა | საჯარო შენიშვნა |
|---|---|---|---|---|---|---|---|---|---|---|---|---|---|---|---|---|
| ბათუმის შოთა რუსთაველის სახელმწიფო უნივერსიტეტის მთავარი ბიბლიოთეკა | ბათუმის შოთა რუსთაველის სახელმწიფო უნივერსიტეტის მთავარი ბიბლიოთეკა | წიგნსაცავი | 2018-12-17 | 8.00 | 821.353.1-1 გ-85 | 22681 | 2018-12-17 | 22681 | 2018-12-17 | წიგნი | 8.00 ₾. | |||||
| ბათუმის შოთა რუსთაველის სახელმწიფო უნივერსიტეტის მთავარი ბიბლიოთეკა | ბათუმის შოთა რუსთაველის სახელმწიფო უნივერსიტეტის მთავარი ბიბლიოთეკა | წიგნსაცავი | 2018-12-17 | 8.00 | 821.353.1-1 გ-85 | 22682 | 2018-12-17 | 22682 | 2018-12-17 | წიგნი | 8.00 ₾. | |||||
| ბათუმის შოთა რუსთაველის სახელმწიფო უნივერსიტეტის მთავარი ბიბლიოთეკა | ბათუმის შოთა რუსთაველის სახელმწიფო უნივერსიტეტის მთავარი ბიბლიოთეკა | წიგნსაცავი | 2018-12-17 | 8.00 | 821.353.1-1 გ-85 | 22683 | 2018-12-17 | 22683 | 2018-12-17 | წიგნი | 8.00 ₾. | |||||
| ბათუმის შოთა რუსთაველის სახელმწიფო უნივერსიტეტის მთავარი ბიბლიოთეკა | ბათუმის შოთა რუსთაველის სახელმწიფო უნივერსიტეტის მთავარი ბიბლიოთეკა | წიგნსაცავი | 2018-12-17 | 8.00 | 821.353.1-1 გ-85 | 22684 | 2018-12-17 | 22684 | 2018-12-17 | წიგნი | 8.00 ₾. | |||||
| ბათუმის შოთა რუსთაველის სახელმწიფო უნივერსიტეტის მთავარი ბიბლიოთეკა | ბათუმის შოთა რუსთაველის სახელმწიფო უნივერსიტეტის მთავარი ბიბლიოთეკა | წიგნსაცავი | 2018-12-17 | 8.00 | 821.353.1-1 გ-85 | 22685 | 2018-12-17 | 22685 | 2018-12-17 | წიგნი | 8.00 ₾. | |||||
| ბათუმის შოთა რუსთაველის სახელმწიფო უნივერსიტეტის მთავარი ბიბლიოთეკა | ბათუმის შოთა რუსთაველის სახელმწიფო უნივერსიტეტის მთავარი ბიბლიოთეკა | წიგნსაცავი | 2018-12-17 | 6.00 | 821.353.1-1 გ-85 | 27849 | 2018-12-17 | 27849 | 2018-12-17 | წიგნი | 6.00 ₾. |
